000 00590nam a2200229Ia 4500
003 OSt
005 20220916111037.0
006 a|||||r|||| 00| 0
007 ta
008 220915b |||||||| |||| 00| 0 eng d
024 _a144595
037 _cTextbook
040 _beng
_aARTS
_cARTS
041 _aeng
082 _aX9J.657.N5, K2(906)
100 _aWills J Brian Ed
245 0 _aAgriculture and land use in Ghana
260 _aNA
_bNA
650 _aECONOMICS
942 _hX9J.657.N5, K2(906)
_cTB
_2CC
999 _c104390
_d104390